01367nab a2200349 a 450000100060000000300080000600500170001400600190003100700150005000800410006502200140010603500210012004000260014105000180016708200120018510000360019722200270023324501840026026000790044430000100052331000150053336200180054853301640056665000590073065000430078965000320083265000230086465500320088771000190091985600620093899900170100030422FlNmELB20241216220555.0m o d | cr cn|||||||||201201r2003 mx |||||s|||||||||||spa d a1405-7425 a(OCoLC)955371109 aFlNmELBbspacFlNmELB 4aH1bN385 200304a3002221 aNegrete Salas, María Eugenia. 0aPapeles de Población13aEl envejecimiento poblacional en la ciudad de México:h[recurso electronico]bevolución y pautas de distribución espacial entre 1970 y 2000 /cMaría Eugenia Negrete Salas. aToluca (México) :bUniversidad Autónoma del Estado de México,c2003. a23 p. aTrimestral0 aNo. 37(2003)- aRecurso electrónico. Santa Fe, Arg.: e-libro, 2015. Disponible vía World Wide Web. El acceso puede estar limitado para las bibliotecas afiliadas a e-libro. 4aCiencias Sociales.vPublicaciones seriadas.zMéxico. 4aSocial Science.vPeriodicals.zMexico. 4aAutoayuda.xEnvejecimiento. 4aSelf-help.xAging. 4aArtículos electrónicos.2 ae-libro, Corp.40uhttps://elibro.net/ereader/politecnicointernacional/19312 c30422d30422